The spirituality of success : getting rich with integrity

Bibliographic Details
Main Author: Roazzi, Vincent M.
Format: Book
Published: Petaling Jaya : Golden Books Centre , 2004
Subjects:

MARC

LEADER 00000cam a2200000 7i4500
001 0000003377
005 20050824.0
020 0 0 |a 9837205210 
090 0 0 |a 158.1   |b ROA 
100 1 0 |a Roazzi, Vincent M. 
245 1 0 |a The spirituality of success :   |b getting rich with integrity   |c Vincent M. Roazzi 
260 0 0 |a Petaling Jaya :   |b Golden Books Centre ,   |c 2004 
300 |a vi, 239p. ;   |c 23cm. 
650 0 0 |a Success 
999 |a 0000006294   |b Monograph   |c Open Shelf   |e Default branch